000 00658nam a22002177a 4500
005 20240302105837.0
008 240302b ||||| |||| 00| 0 eng d
020 _a9789381139790
040 _aIN-DiNC
_cIN-DiNC
041 _deng
082 _a677.39
_bZET
100 _aZethner, Ole
_eauthor
245 _aIndian ways of Silk:
_bPrecious threads of bridging India's past, present and future/
_cby Ole Zethner, Rie Koustrup and Dilip Barooah
250 _a2nd ed.
260 _aGuwahati:
_bBhabani books,
_c2014.
300 _a128p.
650 _aSericulture
700 _aKoustrup, Rie
_eauthor
700 _aBarooah, Dilip
_eauthor
942 _2ddc
_cBK
999 _c11783
_d11783